Statistics for NBA Champions - 30 Second Sprint

Click here to take the quiz!

General Stats

  • This quiz has been taken 7,878 times
    (3,669 since last reset)
  • The average score is 10 of 21

Answer Stats

YearAnswer% Correct
1950,1952,1953,1954,1972,1980,1982,1985,1987,1988,2000,2001,2002,2009,2010,2020Lakers
96%
1957,1959,1960,1961,1962,1963,1964,1965,1966,1968,1969,1974,1976,1981,1984,1986,2008Celtics
90%
1956,1975,2015,2017,2018,2022Warriors
90%
2023Nuggets
81%
1971,2021Bucks
74%
1991,1992,1993,1996,1997,1998Bulls
66%
1999,2003,2005,2007,2014Spurs
66%
2006,2012,2013Heat
64%
2016Cavaliers
60%
2019Raptors
51%
2011Mavericks
46%
1989,1990,2004Pistons
44%
1994,1995Rockets
35%
1967,198376ers
28%
1970,1973Knicks
21%
1979SuperSonics
15%
1978Bullets
13%
1958Hawks
13%
1951Royals
11%
1977Trail Blazers
8%
1955Nationals
7%

Score Distribution

Percentile by Number Answered

Percent of People with Each Score

Your Score History

You have not taken this quiz since the last reset